000
00356nam a2200145Ia 4500
008
191206s9999 xx 000 0 und d
020
_a
0394565150 :
090
_a
PZ3L56684HAB
245
4
_a
The Habit of Loving
250
_a
1st ed.
260
_a
Random House
260
_c
cc1989
300
_a
"xiv, 157 p. ; 22 cm."
999
_c
17067
_d
17067